Traditional religion in West Africa Author: (Record no. 7523)

MARC details
000 -LEADER
fixed length control field 00564nam a22001697a 4500
020 ## - INTERNATIONAL STANDARD BOOK NUMBER
ISBN 9783464507
022 ## - INTERNATIONAL STANDARD SERIAL NUMBER
ISSN 9789781221484
022 ## - INTERNATIONAL STANDARD SERIAL NUMBER
ISSN 9781221488
050 ## - CALL NUMBER
Classification number BL2465
Item number .T72
100 ## - AUTHOR
Personal name E A Ade Adegbọla
245 ## - TITLE
Title Traditional religion in West Africa Author:
Statement of responsibility, etc edited by E.A. Ade. Adegboḷa.
260 ## - PUBLICATION INFORMATION
Place of publication Ibadan :
Name of publisher Daystar Press,
Year of publication 1983.
300 ## - DESCRIPTION
Number of Pages iv, 471 pages :
Other physical details illustrations ;
Dimensions 22 cm
500 ## - NOTES
General note INCLUDES INDEX
505 ## - FORMATTED CONTENTS NOTE
Table of Content RELIGIOUS PERSONALITY<br/>FUNCTIONS IN RELIGION<br/>RELIGIOUS SYSTEMS<br/>RELIGION AND SOCIAL CHANGE
942 ## - ADDED ENTRY ELEMENTS (KOHA)
Koha item type Books
Holdings
Withdrawn status Lost status Collection code Home library Current library Shelving location Date acquired Full call number Accession Number Koha item type
    Reference Methodist University Library Main Methodist University Library Main General Stacks 25/01/2021 BL2465 .T72 19046 Books
Copyright © 2026  MUG Library